[Event "XIV T. INT. AJEDREZ "]
[Site "Navalmoral de la Mata"]
[Date "2008.12.04"]
[Round "1.1"]
[White "Penillas Mendez, Ismael"]
[Black "Granda Zuniga, Julio E"]
[Result "0-1"]
[WhiteElo "2152"]
[BlackElo "2628"]
[PlyCount "94"]
[EventDate "2008.12.04"]

1. e4 c5 2. Nf3 e6 3. d4 cxd4 4. Nxd4 Nc6 5. Nb5 d6 6. c4 a6 7. N5c3 Nf6 8. Na3
Be7 9. Be2 O-O 10. O-O b6 11. Be3 Bb7 12. Qb3 Nd7 13. Rfd1 Rb8 14. Nab1 g5 15.
Nd2 Kh8 16. Nf3 Rg8 17. Rd2 g4 18. Ne1 Qf8 19. Rad1 Rg6 20. Bf4 Nce5 21. Rd4
Kg8 22. Qc2 Nf6 23. Qd2 Nh5 24. Be3 Rd8 25. Na4 Nf6 26. Nc3 h5 27. a3 h4 28. b4
g3 29. fxg3 Neg4 30. gxh4 e5 31. Rd5 Bxd5 32. exd5 b5 33. Bg5 e4 34. Qf4 Ne5
35. c5 Re8 36. c6 Nh7 37. Bxe7 Qxe7 38. Nxe4 Nf6 39. Ng3 Neg4 40. Bf3 Qa7+ 41.
Qd4 Rxe1+ 42. Nf1 Qxd4+ 43. Rxd4 Ne5 44. Bd1 Nc4 45. Kf2 Re4 46. c7 Nb6 47.
Rxe4 Nxe4+ 0-1

[Event "XIV T. INT. AJEDREZ "]
[Site "Navalmoral de la Mata"]
[Date "2008.12.04"]
[Round "1.2"]
[White "Burmakin, Vladimir"]
[Black "Gonzalez Manchon, Juan Miguel"]
[Result "1-0"]
[WhiteElo "2625"]
[BlackElo "2100"]
[PlyCount "101"]
[EventDate "2008.12.04"]

1. d4 d5 2. Nf3 Nf6 3. g3 g6 4. Bg2 Bg7 5. O-O O-O 6. c4 c6 7. Qb3 Qb6 8. Nc3
Qxb3 9. axb3 h6 10. c5 Na6 11. Ra4 Nd7 12. e4 e5 13. Nxe5 Nxe5 14. dxe5 Nxc5
15. Ra3 Nxe4 16. Bxe4 dxe4 17. Nxe4 Bh3 18. Re1 Bxe5 19. Bxh6 Rfe8 20. Ra2 Bg7
21. Bxg7 Kxg7 22. Raa1 b6 23. Ng5 Rxe1+ 24. Rxe1 Bf5 25. f4 Rd8 26. Re7 Rd7 27.
Rxd7 Bxd7 28. b4 f6 29. Ne4 Kf7 30. Kf2 Ke6 31. Ke3 Be8 32. Kd4 Bf7 33. g4 Be8
34. h4 Bf7 35. Ng3 f5 36. gxf5+ gxf5 37. h5 Kf6 38. h6 Bg8 39. Nh5+ Kg6 40. Ng7
Kf6 41. Nh5+ Kg6 42. Ng3 Kf6 43. Nf1 Bh7 44. Ne3 Ke6 45. Nc4 Kf6 46. Ne5 Bg8
47. Nxc6 a6 48. Ne5 Be6 49. Nc4 b5 50. Ne3 Bc8 51. Kc5 1-0

[Event "XIV T. INT. AJEDREZ "]
[Site "Navalmoral de la Mata"]
[Date "2008.12.04"]
[Round "1.3"]
[White "Martin Sanchez, Juan Jose"]
[Black "Korneev, Oleg"]
[Result "0-1"]
[WhiteElo "2076"]
[BlackElo "2623"]
[PlyCount "45"]
[EventDate "2008.12.04"]

1. e4 c5 2. Nc3 e6 3. f4 a6 4. Nf3 b5 5. Be2 Bb7 6. d3 d5 7. e5 Nh6 8. O-O Nc6
9. f5 Nxf5 10. g4 Nfd4 11. Ng5 Nxe5 12. Bf4 h6 13. Nxe6 Nxe6 14. Bxe5 Bd6 15.
Rf5 Bxe5 16. Rxe5 Qd6 17. Rf5 O-O 18. Qd2 Ng5 19. Bf1 d4 20. Ne4 Nxe4 21. dxe4
Bxe4 22. Rf2 f5 23. Re1 0-1

[Event "XIV T. INT. AJEDREZ "]
[Site "Navalmoral de la Mata"]
[Date "2008.12.04"]
[Round "1.4"]
[White "Fedorchuk, Sergey A"]
[Black "Pavon Perez, Agustin"]
[Result "1-0"]
[WhiteElo "2603"]
[BlackElo "2021"]
[PlyCount "63"]
[EventDate "2008.12.04"]

1. e4 e6 2. d4 d5 3. Nd2 Nf6 4. e5 Nfd7 5. Bd3 c5 6. c3 Nc6 7. Ngf3 cxd4 8.
cxd4 Be7 9. O-O O-O 10. b3 a5 11. a3 f5 12. exf6 Bxf6 13. Bb2 Qb6 14. Qe2 Nxd4
15. Nxd4 Bxd4 16. Bxh7+ Kxh7 17. Qd3+ Kg8 18. Bxd4 Qd8 19. Nf3 Ra6 20. Rfe1 a4
21. b4 Rc6 22. Re3 Rf5 23. Rae1 Nb6 24. Bxb6 Qxb6 25. Nd4 Rf6 26. Nxc6 bxc6 27.
Qc2 Rh6 28. Qxa4 d4 29. Rg3 Ba6 30. Qb3 c5 31. bxc5 Qxc5 32. Rxe6 1-0

[Event "XIV T. INT. AJEDREZ "]
[Site "Navalmoral de la Mata"]
[Date "2008.12.04"]
[Round "1.5"]
[White "Martin Rodriguez, Adolfo"]
[Black "Epishin, Vladimir"]
[Result "0-1"]
[WhiteElo "2010"]
[BlackElo "2581"]
[PlyCount "97"]
[EventDate "2008.12.04"]

1. d4 g6 2. e4 d5 3. e5 Bg7 4. f4 Nh6 5. Nf3 O-O 6. Be3 f6 7. Be2 c5 8. c3 cxd4
9. cxd4 Nc6 10. Nc3 Bg4 11. Qd2 e6 12. O-O Nf5 13. Bf2 fxe5 14. Nxe5 Bxe2 15.
Nxe2 Nd6 16. Nc3 Rc8 17. Rae1 b5 18. Nxc6 Rxc6 19. Qe2 Nf5 20. Nxb5 Qb6 21. g4
Nxd4 22. Nxd4 Bxd4 23. Bxd4 Qxd4+ 24. Qe3 Qxb2 25. f5 gxf5 26. gxf5 exf5 27.
Rf2 Rg6+ 28. Kh1 Qg7 29. Qe5 d4 30. Rxf5 Rxf5 31. Qxf5 Qb7+ 32. Qe4 Qxe4+ 33.
Rxe4 Rd6 34. Re2 Kf7 35. Kg2 Kf6 36. Kf3 Rd5 37. Rd2 Ke5 38. Re2+ Kf5 39. Rd2
a5 40. a4 Ke5 41. Rd3 Rc5 42. Rb3 Rc3+ 43. Rxc3 dxc3 44. Ke2 Kf5 45. Kd3 Kg4
46. Kxc3 Kh3 47. Kc4 Kxh2 48. Kb5 h5 49. Kxa5 0-1

[Event "XIV T.  INT. AJEDREZ "]
[Site "Navalmoral de la Mata"]
[Date "2008.12.04"]
[Round "1.6"]
[White "Khamrakulov, Ibragim S"]
[Black "Holgado Maestre, Andres"]
[Result "1-0"]
[WhiteElo "2580"]
[BlackElo "1888"]
[PlyCount "82"]
[EventDate "2008.12.04"]

1. e4 e6 2. Nf3 b6 3. c4 Bb7 4. Nc3 Be7 5. d4 d6 6. Bd3 Nf6 7. Qc2 h6 8. h3 Nc6
9. d5 Ne5 10. Nxe5 dxe5 11. f4 exd5 12. cxd5 exf4 13. Bxf4 Bd6 14. Bb5+ Kf8 15.
O-O Bxf4 16. Rxf4 Qd6 17. Qf2 a6 18. Ba4 h5 19. Rf5 Qe7 20. Rf1 Rh6 21. e5 g6
22. Rxf6 Qxe5 23. Rxf7+ Kg8 24. Rf8+ Kh7 25. Rxa8 Bxa8 26. Qf7+ Qg7 27. Qxg7+
Kxg7 28. Bc6 Bxc6 29. dxc6 g5 30. Ne4 g4 31. hxg4 hxg4 32. Rf4 Rxc6 33. Rxg4+
Kh6 34. Rf4 Rc2 35. Rf6+ Kg7 36. Rf2 Rc1+ 37. Kh2 Rc4 38. Nc3 Kg6 39. Kg3 Kg5
40. Rf7 b5 41. Kf3 Kg6 {(Ilegible)} 1-0

[Event "XIV T.  INT. AJEDREZ "]
[Site "Navalmoral de la Mata"]
[Date "2008.12.04"]
[Round "1.7"]
[White "Sanchez Marcos, Andres"]
[Black "Rusev, Krasimir"]
[Result "0-1"]
[WhiteElo "1878"]
[BlackElo "2541"]
[PlyCount "40"]
[EventDate "2008.12.04"]

1. e4 c5 2. Nc3 Nc6 3. Nf3 d6 4. d4 cxd4 5. Nxd4 Nf6 6. Nxc6 bxc6 7. Bd3 e5 8.
O-O Be7 9. Re1 O-O 10. h3 Be6 11. Bd2 Nd7 12. Qe2 Rb8 13. Rab1 d5 14. b3 f5 15.
exf5 Bxf5 16. Bxf5 Rxf5 17. Qg4 Qf8 18. Re2 Rb4 19. Qg3 Bh4 20. Qe3 Nc5 0-1

[Event "XIV T.  INT. AJEDREZ "]
[Site "Navalmoral de la Mata"]
[Date "2008.12.04"]
[Round "1.8"]
[White "Campora Sivori, Daniel H"]
[Black "Rodriguez Lapetra, Pablo"]
[Result "1-0"]
[WhiteElo "2537"]
[BlackElo "1813"]
[PlyCount "90"]
[EventDate "2008.12.04"]

1. e4 c5 2. Nf3 Nc6 3. Bb5 e6 4. Bxc6 bxc6 5. O-O d5 6. Re1 Nf6 7. e5 Nd7 8. d3
Be7 9. c4 O-O 10. Bf4 Rb8 11. Qc2 Nb6 12. b3 h6 13. h3 Qc7 14. Bg3 Nd7 15. Nc3
Bb7 16. h4 Rfd8 17. h5 Nf8 18. Rac1 Nh7 19. Na4 Ng5 20. Nh2 Ba6 21. f4 dxc4 22.
dxc4 Nh7 23. Nf3 Rb4 24. Nc3 Rbb8 25. Ne4 Rd4 26. Bf2 Rbd8 27. Bxd4 cxd4 28. c5
Rd5 29. Nd6 d3 30. Qf2 f6 31. b4 fxe5 32. fxe5 Ng5 33. Nd2 Qb8 34. a3 Qf8 35.
a4 Nf7 36. b5 Nxd6 37. cxd6 cxb5 38. Rc6 Bb7 39. Rc7 Rxe5 40. Rxe5 Bxd6 41.
Rxb7 Bxe5 42. axb5 Bc3 43. Ne4 Ba5 44. Rd7 d2 45. Kf1 e5 1-0

[Event "XIV T.  INT. AJEDREZ "]
[Site "Navalmoral de la Mata"]
[Date "2008.12.04"]
[Round "1.9"]
[White "Corrachano Utrilla, David"]
[Black "Del Rio De Angelis, Salvador G"]
[Result "0-1"]
[WhiteElo "1771"]
[BlackElo "2531"]
[PlyCount "48"]
[EventDate "2008.12.04"]

1. e4 e6 2. d4 d5 3. Nc3 Bb4 4. e5 Qd7 5. a3 Bxc3+ 6. bxc3 b6 7. Be3 Ba6 8. Bd3
Ne7 9. Qg4 Bxd3 10. cxd3 Nf5 11. Bd2 c5 12. Nf3 Nc6 13. dxc5 bxc5 14. O-O O-O
15. Rfe1 Rab8 16. Qa4 Nxe5 17. Qxd7 Nxd7 18. g4 Nd6 19. Bf4 Rb6 20. a4 a5 21.
Bxd6 Rxd6 22. Rab1 Rb6 23. Rxb6 Nxb6 24. d4 c4 0-1

[Event "XIV T.  INT. AJEDREZ "]
[Site "Navalmoral de la Mata"]
[Date "2008.12.04"]
[Round "1.10"]
[White "Perez Candelario, Manuel"]
[Black "Luceno Mardones, Jose A"]
[Result "1-0"]
[WhiteElo "2520"]
[BlackElo "1753"]
[PlyCount "67"]
[EventDate "2008.12.04"]

1. e4 c6 2. d4 d5 3. Nd2 dxe4 4. Nxe4 Nf6 5. Nxf6+ exf6 6. c3 Bf5 7. Bc4 Bd6 8.
Ne2 O-O 9. O-O Qc7 10. Ng3 Be6 11. Bxe6 fxe6 12. Qb3 Qf7 13. Ne4 Rd8 14. Nxd6
Rxd6 15. Bf4 Rd5 16. Rfe1 b5 17. a4 Nd7 18. axb5 Rxb5 19. Qc4 Rxb2 20. Qxc6 Nb6
21. Rxe6 Rc8 22. Qe4 f5 23. Qe1 Nd5 24. Rxa7 Rb1 25. Qxb1 Qxe6 26. Be5 Nxc3 27.
Rxg7+ Kf8 28. Qb4+ Ke8 29. h3 Nd5 30. Qa4+ Kf8 31. Qa3+ Ne7 32. Rxe7 Qxe7 33.
Bd6 Rc1+ 34. Kh2 1-0

[Event "XIV T. INT. AJEDREZ "]
[Site "Navalmoral de la Mata"]
[Date "2008.12.05"]
[Round "2.1"]
[White "Granda Zuniga, Julio E"]
[Black "Larino Nieto, David"]
[Result "1-0"]
[WhiteElo "2628"]
[BlackElo "2469"]
[PlyCount "41"]
[EventDate "2008.12.04"]

1. Nf3 d5 2. c4 e6 3. g3 Nf6 4. Bg2 Bd6 5. O-O dxc4 6. Qa4+ Nbd7 7. Qxc4 c5 8.
d4 h6 9. Nc3 a6 10. dxc5 Bxc5 11. b4 Bd6 12. Rd1 Qe7 13. Bf4 e5 14. Be3 e4 15.
Nh4 Ne5 16. Qd4 Bxb4 17. Nxe4 Nxe4 18. Qxe4 O-O 19. a3 Bc5 20. Bxc5 Qxc5 21.
Rd5 1-0

[Event "XIV T. INT. AJEDREZ "]
[Site "Navalmoral de la Mata"]
[Date "2008.12.05"]
[Round "2.2"]
[White "Carrasco Martinez, Juan M"]
[Black "Burmakin, Vladimir"]
[Result "0-1"]
[WhiteElo "2434"]
[BlackElo "2625"]
[PlyCount "122"]
[EventDate "2008.12.04"]

1. d4 d5 2. Nf3 c6 3. c4 Nf6 4. e3 g6 5. Nc3 Bg7 6. h3 O-O 7. Bd3 c5 8. O-O
cxd4 9. Nxd4 e5 10. Nb3 e4 11. Be2 dxc4 12. Qxd8 Rxd8 13. Bxc4 Nc6 14. Nc5 Re8
15. Rd1 Bf8 16. Nb3 Be6 17. Bxe6 Rxe6 18. Nb5 Re5 19. N5d4 Nb4 20. Bd2 Nd3 21.
Na5 b6 22. Nac6 Rc5 23. Bb4 Rc4 24. Bxf8 Kxf8 25. b3 Rc3 26. Nxa7 Rxa7 27. Nb5
Rac7 28. Nxc7 Rxc7 29. f3 Rc3 30. fxe4 Nxe4 31. Rab1 Ke7 32. b4 Ra3 33. Rb3
Rxb3 34. axb3 Ne5 35. Kf1 Nc6 36. b5 Ne5 37. Rd4 Nd6 38. Rb4 Nd3 39. Rd4 Nc5
40. Rb4 h5 41. Ke2 Ke6 42. Kd2 Ke5 43. Kc2 g5 44. Kd2 f6 45. Kc2 Nf5 46. Kd2
Ne7 47. Ke2 h4 48. Kf3 Nd5 49. Rc4 Nxb3 50. Rc8 Nc5 51. e4 Nc3 52. Rc6 N3a4 53.
Rc8 Ne6 54. Ke3 Nac5 55. Rb8 Nd7 56. Re8 Kd6 57. Rc8 Ne5 58. Rc2 Nc7 59. Rd2+
Ke7 60. Ke2 Nxb5 61. Rb2 Nd4+ 0-1

[Event "XIV T. INT. AJEDREZ "]
[Site "Navalmoral de la Mata"]
[Date "2008.12.05"]
[Round "2.3"]
[White "Korneev, Oleg"]
[Black "Komljenovic, Davorin"]
[Result "1-0"]
[WhiteElo "2623"]
[BlackElo "2428"]
[PlyCount "35"]
[EventDate "2008.12.04"]

1. e4 c5 2. Nf3 Nc6 3. d4 cxd4 4. Nxd4 Nf6 5. Nc3 e5 6. Ndb5 d6 7. Bg5 a6 8.
Na3 b5 9. Nd5 Be7 10. Bxf6 Bxf6 11. c3 O-O 12. Nc2 Nb8 13. h4 Nd7 14. Nce3 g6
15. h5 Bg7 16. Bd3 Nc5 17. Be2 Be6 18. Qc2 {(Ilegible)} 1-0

[Event "XIV T. INT. AJEDREZ "]
[Site "Navalmoral de la Mata"]
[Date "2008.12.05"]
[Round "2.4"]
[White "Palencia, Wilson"]
[Black "Fedorchuk, Sergey A"]
[Result "0-1"]
[WhiteElo "2337"]
[BlackElo "2603"]
[PlyCount "68"]
[EventDate "2008.12.04"]

1. d4 Nf6 2. c4 e6 3. Nf3 b6 4. g3 Bb7 5. Bg2 Bb4+ 6. Bd2 c5 7. O-O O-O 8. a3
Bxd2 9. Nbxd2 Nc6 10. e4 d6 11. d5 Nd4 12. Nxd4 cxd4 13. Re1 Qc7 14. Nf3 e5 15.
Bf1 Bc8 16. Nh4 g6 17. Qd2 Qe7 18. Qh6 Bd7 19. Nf3 Ng4 20. Qd2 f5 21. exf5 Rxf5
22. Nxd4 Rxf2 23. Re2 Raf8 24. Bh3 R2f6 25. Ne6 Bxe6 26. dxe6 Qxe6 27. Bg2 Kg7
28. Bd5 Qc8 29. b4 Nf2 30. Rxf2 Rxf2 31. Qxf2 Rxf2 32. Kxf2 Qf5+ 33. Kg1 Qd3
34. Re1 b5 0-1

[Event "XIV T. INT. AJEDREZ "]
[Site "Navalmoral de la Mata"]
[Date "2008.12.05"]
[Round "2.5"]
[White "Epishin, Vladimir"]
[Black "Milchev, Nikolay"]
[Result "1-0"]
[WhiteElo "2581"]
[BlackElo "2362"]
[PlyCount "103"]
[EventDate "2008.12.04"]

1. d4 Nf6 2. Nf3 d5 3. c4 c6 4. Qb3 dxc4 5. Qxc4 Bf5 6. g3 e6 7. Bg2 Nbd7 8.
O-O Be7 9. Bd2 O-O 10. Rd1 Ne4 11. Be1 a5 12. a4 Qb6 13. Qc1 c5 14. Na3 Rac8
15. Ne5 Nxe5 16. dxe5 c4 17. Nxc4 Qa6 18. b3 Nc5 19. Qb2 Nxb3 20. Qxb3 Qxc4 21.
Qxc4 Rxc4 22. Bxb7 Bc2 23. Rdc1 Bb4 24. Ba6 Rc6 25. Bb5 Rc5 26. Kf1 g5 27. Bd3
Rfc8 28. Bxb4 axb4 29. Rxc2 Rxc2 30. Bxc2 Rxc2 31. Rb1 Rc4 32. Rb3 Kg7 33. Ke1
Kg6 34. Kd2 Kf5 35. Kd3 Rc1 36. Rxb4 Kxe5 37. h4 h6 38. hxg5 hxg5 39. Rb5+ Kf6
40. a5 Ra1 41. Kc2 Kg6 42. Kb2 Ra4 43. Rc5 f5 44. Kb3 Ra1 45. Kb4 Rb1+ 46. Kc4
Rb2 47. a6 Ra2 48. Kb5 Rxe2 49. a7 Ra2 50. Kb6 f4 51. Ra5 Rb2+ 52. Ka6 1-0

[Event "XIV T. INT. AJEDREZ "]
[Site "Navalmoral de la Mata"]
[Date "2008.12.05"]
[Round "2.6"]
[White "Andrada Andrada, Luis Javier"]
[Black "Khamrakulov, Ibragim S"]
[Result "1-0"]
[WhiteElo "2260"]
[BlackElo "2580"]
[PlyCount "105"]
[EventDate "2008.12.04"]

1. e4 e6 2. d4 d5 3. e5 c5 4. c3 Qb6 5. Nf3 Nc6 6. a3 a5 7. Be2 f6 8. O-O fxe5
9. Nxe5 Nxe5 10. dxe5 c4 11. Nd2 Ne7 12. Bxc4 Nc6 13. Bd3 Nxe5 14. Qh5+ Nf7 15.
Bxh7 Bd7 16. Nf3 O-O-O 17. Qxf7 Rxh7 18. Bg5 Re8 19. Qg6 Rh8 20. Bf4 Bd6 21.
Ne5 Qc7 22. Rfe1 Re7 23. Bg3 Be8 24. Qd3 Rh5 25. Qe2 Bxe5 26. Bxe5 Qb6 27. c4
Rh4 28. Rac1 Bc6 29. cxd5 exd5 30. Qf3 Qd8 31. Bg3 Rhe4 32. Rxe4 Rxe4 33. h3
Qe7 34. Qf5+ Kd8 35. Kh2 Qf6 36. Qh5 Qh6 37. Qd1 Qf6 38. Rc5 Re7 39. Rxa5 b6
40. Rxd5+ Bxd5 41. Qxd5+ Ke8 42. Qg8+ Kd7 43. Qd5+ Ke8 44. b4 Qe6 45. Qb5+ Kf7
46. a4 g6 47. a5 bxa5 48. bxa5 Rd7 49. a6 Ra7 50. Qb7+ Qe7 51. Qb6 Rd7 52. Bb8
Qe4 53. a7 1-0

[Event "XIV T. INT. AJEDREZ "]
[Site "Navalmoral de la Mata"]
[Date "2008.12.05"]
[Round "2.7"]
[White "Rusev, Krasimir"]
[Black "Guerra Tulcan, Lenin"]
[Result "1-0"]
[WhiteElo "2541"]
[BlackElo "2304"]
[PlyCount "67"]
[EventDate "2008.12.04"]

1. d4 Nf6 2. c4 e6 3. Nf3 c5 4. d5 exd5 5. cxd5 d6 6. Nc3 g6 7. h3 Bg7 8. e4
O-O 9. Bg5 Qe8 10. Bd3 c4 11. Bc2 b5 12. a3 a5 13. O-O Na6 14. Re1 b4 15. axb4
axb4 16. e5 dxe5 17. Rxe5 Qd8 18. Ne4 b3 19. Bb1 Qb6 20. Bxf6 Bxf6 21. Nxf6+
Qxf6 22. Ra4 Qd6 23. Rxc4 Nc5 24. Qd4 Ra5 25. Qc3 Ba6 26. Rd4 Ra1 27. Re1 Rb8
28. Rdd1 Na4 29. Qd4 Nb6 30. Ng5 Ra4 31. Qd2 Rd8 32. Ne4 Qf8 33. d6 f5 34. Nc5
1-0

[Event "XIV T. INT. AJEDREZ "]
[Site "Navalmoral de la Mata"]
[Date "2008.12.05"]
[Round "2.8"]
[White "Garcia-Ortega Mendez, Jose M"]
[Black "Campora Sivori, Daniel H"]
[Result "0-1"]
[WhiteElo "2223"]
[BlackElo "2537"]
[PlyCount "62"]
[EventDate "2008.12.04"]

1. e4 c6 2. d4 d5 3. Nc3 dxe4 4. Nxe4 Nf6 5. Nxf6+ gxf6 6. Nf3 Bg4 7. Be3 e6 8.
h3 Bh5 9. g4 Bg6 10. Bd3 Nd7 11. h4 Qa5+ 12. c3 O-O-O 13. Bxg6 hxg6 14. Qb3 Be7
15. O-O-O f5 16. gxf5 Qxf5 17. Ng5 Rh5 18. c4 Nb6 19. f4 Rdh8 20. Nf3 Bxh4 21.
d5 exd5 22. Bxb6 axb6 23. Nd4 Qxf4+ 24. Kb1 Qe4+ 25. Ka1 Bf2 26. Rxh5 Rxh5 27.
Qa3 Bxd4 28. Qf8+ Kd7 29. Qxf7+ Qe7 30. Qxg6 Rg5 31. Qh6 Qe2 0-1

[Event "XIV T. INT. AJEDREZ "]
[Site "Navalmoral de la Mata"]
[Date "2008.12.05"]
[Round "2.9"]
[White "Del Rio De Angelis, Salvador G"]
[Black "Figuero Toro, Julian Francisco"]
[Result "1-0"]
[WhiteElo "2531"]
[BlackElo "2227"]
[PlyCount "73"]
[EventDate "2008.12.04"]

1. d4 c5 2. d5 Nf6 3. c4 e6 4. Nc3 exd5 5. cxd5 d6 6. e4 g6 7. f4 Bg7 8. Bb5+
Nfd7 9. Nf3 O-O 10. O-O Na6 11. Kh1 Nc7 12. Bd3 Rb8 13. f5 b5 14. Bf4 b4 15.
Na4 Nb6 16. Nxb6 axb6 17. Qd2 Ra8 18. Qf2 Ne8 19. a3 bxa3 20. Rxa3 Rxa3 21.
bxa3 Nf6 22. Qh4 Nh5 23. Bg5 Bf6 24. Bxf6 Qxf6 25. Qxf6 Nxf6 26. fxg6 hxg6 27.
Nd2 Kg7 28. Rb1 Nd7 29. Kg1 Bb7 30. Bb5 Ne5 31. Bf1 Nd7 32. Nc4 Ba6 33. Nxd6
Bxf1 34. Kxf1 Ra8 35. Rb3 Ra4 36. Ke2 Kf6 37. Ke3 1-0

[Event "XIV T. INT. AJEDREZ "]
[Site "Navalmoral de la Mata"]
[Date "2008.12.05"]
[Round "2.10"]
[White "Gallardo Retortillo, Enrique"]
[Black "Perez Candelario, Manuel"]
[Result "1/2-1/2"]
[WhiteElo "2174"]
[BlackElo "2520"]
[PlyCount "126"]
[EventDate "2008.12.04"]

1. d4 d5 2. c4 e6 3. Nc3 c6 4. cxd5 exd5 5. Nf3 Bf5 6. Bg5 Be7 7. Bxe7 Qxe7 8.
e3 Nd7 9. Bd3 Nh6 10. O-O O-O 11. Qc2 Bxd3 12. Qxd3 a5 13. Rfe1 f5 14. Ne2 Nf6
15. Ng3 Ne4 16. Ne5 Nxg3 17. hxg3 Rf6 18. Qe2 Raf8 19. Rf1 Qe6 20. f3 Nf7 21.
Nxf7 Qxf7 22. Rac1 Re8 23. Qd2 Qh5 24. Qxa5 Qg5 25. f4 Qxg3 26. Rf3 Qg4 27. Qd2
Rh6 28. Qf2 Rh4 29. Re1 h6 30. Rg3 Qh5 31. Qf3 Qf7 32. Kf2 Kh7 33. a3 Qe6 34.
Rh3 Rg4 35. Kf1 Qg6 36. Kf2 Re4 37. g3 Qe8 38. Rhh1 Rg6 39. Rh5 Rf6 40. Rhh1
Qe6 41. Rhg1 Rg6 42. Rh1 b6 43. b4 Qe7 44. Rc1 Ree6 45. Rc3 b5 46. Rhc1 Ref6
47. R3c2 Qd7 48. Rc3 Rg4 49. Rh1 Qe8 50. Rh3 Re6 51. Rh1 h5 52. Rh3 Rh6 53. Rc1
Qa8 54. Ra1 Kg8 55. Qd1 Qd8 56. Qh1 h4 57. Rxh4 Rgxh4 58. gxh4 Rxh4 59. Qg2 Rg4
60. Qh3 Qe8 61. Rg1 Rxg1 62. Kxg1 Qe4 63. Kf2 Qc2+ 1/2-1/2

[Event "XIV T. INT. AJEDREZ "]
[Site "Navalmoral de la Mata"]
[Date "2008.12.05"]
[Round "3.1"]
[White "Rusev, Krasimir"]
[Black "Granda Zuniga, Julio E"]
[Result "0-1"]
[WhiteElo "2541"]
[BlackElo "2628"]
[PlyCount "96"]
[EventDate "2008.12.04"]

1. d4 Nf6 2. c4 e6 3. Nf3 b6 4. g3 Bb4+ 5. Bd2 a5 6. Bg2 Bb7 7. O-O O-O 8. a3
Be7 9. Nc3 Ne4 10. d5 Nxd2 11. Qxd2 Na6 12. Rad1 Nc5 13. e4 a4 14. Rfe1 exd5
15. Nxd5 Re8 16. e5 Bxd5 17. cxd5 d6 18. e6 Bf6 19. Nd4 Bxd4 20. Qxd4 Re7 21.
f4 f5 22. g4 fxg4 23. f5 Qf8 24. Qxg4 Qf6 25. Rd2 Qh6 26. Ree2 Rf8 27. h4 g6
28. fxg6 Rg7 29. Qg5 Qxg5 30. gxh7+ Kxh7 31. hxg5 Rxg5 32. Rf2 Rgf5 33. Bf1 Kg7
34. Bb5 Nxe6 35. dxe6 Rxb5 36. Rg2+ Kh6 37. Rc2 Rc5 38. Rh2+ Kg6 39. Rcg2+ Rg5
40. Rxg5+ Kxg5 41. Rh7 Kf6 42. Rxc7 Kxe6 43. Rb7 Ke5 44. Rxb6 d5 45. b3 d4 46.
bxa4 d3 47. a5 d2 48. Rb1 Rc8 0-1

[Event "XIV T. INT. AJEDREZ "]
[Site "Navalmoral de la Mata"]
[Date "2008.12.05"]
[Round "3.2"]
[White "Burmakin, Vladimir"]
[Black "Del Rio De Angelis, Salvador G"]
[Result "1-0"]
[WhiteElo "2625"]
[BlackElo "2531"]
[PlyCount "95"]
[EventDate "2008.12.04"]

1. d4 g6 2. e4 Bg7 3. g3 d5 4. e5 c5 5. c3 Nc6 6. Bg2 Bf5 7. Ne2 h5 8. f4 cxd4
9. Nxd4 Nxd4 10. Qxd4 e6 11. Qa4+ Qd7 12. Qxd7+ Kxd7 13. Be3 f6 14. exf6 Bxf6
15. Nd2 Ne7 16. Nb3 Nc6 17. Rd1 Kc7 18. Nd4 Nxd4 19. Bxd4 Bxd4 20. Rxd4 Rag8
21. h4 b5 22. Kd2 Rb8 23. Re1 Rb6 24. Bf1 Rhb8 25. Ra1 Kd6 26. Rb4 Kc5 27. Ke3
a5 28. Rd4 Kd6 29. Rad1 Rc8 30. R1d2 Ke7 31. Be2 Rc7 32. Bd1 Rcb7 33. Be2 Rc7
34. Bd3 Kd6 35. Ke2 a4 36. a3 Kc5 37. Kf2 Kd6 38. Be2 Kc5 39. Rb4 Rc8 40. Rd1
Rf8 41. Re1 Bc2 42. Bf3 Bd3 43. Rd4 Bf5 44. Re5 Kd6 45. Ke3 Rc8 46. Be2 Rc5 47.
Rb4 Rb8 48. Kd4 1-0

[Event "XIV T. INT. AJEDREZ "]
[Site "Navalmoral de la Mata"]
[Date "2008.12.05"]
[Round "3.3"]
[White "Campora Sivori, Daniel H"]
[Black "Korneev, Oleg"]
[Result "1/2-1/2"]
[WhiteElo "2537"]
[BlackElo "2623"]
[PlyCount "25"]
[EventDate "2008.12.04"]

1. e4 e5 2. Nf3 Nc6 3. d4 exd4 4. Nxd4 Bc5 5. Be3 Qf6 6. c3 Nge7 7. Nc2 d6 8.
Nd2 Bd7 9. Qf3 Qg6 10. Qg3 O-O-O 11. O-O-O f6 12. Bxc5 dxc5 13. Ne3 1/2-1/2

[Event "XIV T. INT. AJEDREZ "]
[Site "Navalmoral de la Mata"]
[Date "2008.12.05"]
[Round "3.4"]
[White "Fedorchuk, Sergey A"]
[Black "Rizouk, Aimen"]
[Result "1-0"]
[WhiteElo "2603"]
[BlackElo "2507"]
[PlyCount "74"]
[EventDate "2008.12.04"]

1. e4 e5 2. Nf3 Nc6 3. Bb5 Nf6 4. d3 Bc5 5. c3 O-O 6. O-O d6 7. Nbd2 a6 8. Ba4
h6 9. h3 b5 10. Bb3 Bb6 11. Re1 Ne7 12. Nf1 Ng6 13. Ng3 Re8 14. a4 Bb7 15. Nf5
d5 16. Bxh6 gxh6 17. Qd2 Nh7 18. exd5 Qf6 19. Nxh6+ Kf8 20. axb5 axb5 21. Rxa8
Bxa8 22. Re4 Bb7 23. c4 Bc8 24. Ng4 Bxg4 25. hxg4 bxc4 26. dxc4 Ra8 27. Bc2 Nh4
28. Nxe5 Ra1+ 29. Kh2 Kg7 30. g5 Nxg5 31. Rxh4 Qxe5+ 32. f4 Bg1+ 33. Kg3 Qxb2
34. Rg4 Ra3+ 35. Kh4 Kf8 36. g3 Ke7 37. Qe2+ Re3 {(Ilegible)} 1-0

[Event "XIV T. INT. AJEDREZ "]
[Site "Navalmoral de la Mata"]
[Date "2008.12.05"]
[Round "3.6"]
[White "Perez Candelario, Manuel"]
[Black "Encinas Encinas, Alvaro"]
[Result "1-0"]
[WhiteElo "2520"]
[BlackElo "2057"]
[PlyCount "71"]
[EventDate "2008.12.04"]

1. e4 e5 2. Nf3 Nc6 3. Bb5 a6 4. Ba4 d6 5. O-O Bd7 6. c3 Nge7 7. d4 h6 8. Be3
g5 9. dxe5 dxe5 10. Nbd2 Ng6 11. b4 g4 12. Ne1 h5 13. Nd3 Qf6 14. Nc5 Bxc5 15.
bxc5 Rd8 16. Rb1 Bc8 17. g3 h4 18. Qe2 Kf8 19. Bb3 Kg7 20. Bd5 Rh5 21. f4 hxg3
22. fxe5 gxh2+ 23. Qxh2 Qxe5 24. Rxf7+ Kh8 25. Qxe5+ Ncxe5 26. Rxc7 Rf8 27. Rb6
Rh7 28. Rxg6 Rxc7 29. Bd4 Kh7 30. Bxe5 Kxg6 31. Bxc7 Kg5 32. Kg2 Rh8 33. Nc4
Rf8 34. Nb6 Re8 35. Nxc8 Rxc8 36. Bd6 1-0

[Event "XIV T. INT. AJEDREZ "]
[Site "Navalmoral de la Mata"]
[Date "2008.12.05"]
[Round "3.7"]
[White "Cabezas Ayala, Ivan"]
[Black "Gallardo Retortillo, Enrique"]
[Result "1-0"]
[WhiteElo "2374"]
[BlackElo "2174"]
[PlyCount "137"]
[EventDate "2008.12.04"]

1. e4 e5 2. Nf3 d6 3. d4 Nf6 4. Nc3 Nc6 5. Bb5 Bd7 6. O-O Be7 7. Re1 exd4 8.
Nxd4 Nxd4 9. Qxd4 Bxb5 10. Nxb5 O-O 11. Qc3 a6 12. Nd4 Nd7 13. Nf5 Bf6 14. Qg3
Ne5 15. Bd2 Kh8 16. Bc3 g6 17. f4 gxf5 18. fxe5 Rg8 19. Qf4 Bxe5 20. Bxe5+ dxe5
21. Qxe5+ f6 22. Qc3 fxe4 23. Rxe4 Qd6 24. Rae1 Raf8 25. Re7 Rg7 26. Qe3 Rfg8
27. Rxg7 Rxg7 28. g3 Rg8 29. Kg2 Rd8 30. Qf3 Qb6 31. Re7 Qd6 32. Re2 b5 33. Rf2
Rf8 34. h4 Qe5 35. c3 a5 36. Qf5 Qxf5 37. Rxf5 c6 38. Kf3 Kg7 39. Rc5 Rd8 40.
Ke2 Rd6 41. a4 Re6+ 42. Kf3 bxa4 43. Rxa5 Rd6 44. Rxa4 Rd2 45. Rb4 h5 46. Rb6
Kg6 47. Kf4 Rf2+ 48. Ke3 Rg2 49. Kf3 Rd2 50. Rxc6 Rxb2 51. Rd6 Rc2 52. Rd3 Kf5
53. Rd5+ Kg6 54. Rd3 Kf5 55. Re3 Rc1 56. Ke2 Kg4 57. Kd2 Rg1 58. c4 f5 59. c5
f4 60. gxf4 Kxf4 61. c6 Rg2+ 62. Kd3 Rg7 63. Re4+ Kg3 64. Kc4 Kf3 65. Rd4 Ke3
66. Kc5 Rf7 67. Rd5 Rh7 68. Kb6 Ke4 69. Rg5 1-0